| 000 | 01755nab a2200253 i 4500 | ||
|---|---|---|---|
| 003 | BR-BrBNA | ||
| 005 | 20250610115217.0 | ||
| 008 | 250610b2018 bl.qr|pooa||| 00| 0 por | | ||
| 040 |
_aBR-BrBNA _bpor |
||
| 072 | _aF70 | ||
| 100 | _aPastore, Mayara | ||
| 100 | _aRangel, Wesley de Melo | ||
| 100 | _aGiulietti, Ana Maria | ||
| 245 | _aFlora das cangas da Serra dos Carajás, Pará, Brasil: Apodanthaceae | ||
| 500 | _aPublicação on-line; 11 ref.; 2 illus.; Summaries (En, Pt) | ||
| 520 | _a Resumo Este estudo engloba o tratamento florístico de Apodanthaceae para as cangas da Serra dos Carajás, no estado do Pará. Inclui descrição, ilustração, fotografias, distribuição, comentários morfológicos e taxonômicos de Pilostyles blanchetii, a única espécie da família registrada na área de estudo. Palavras-chave: Amazônia, FLONA Carajás, Pilostyles, plantas holoparasitas, taxonomia. Abstract This study encompasses the floristic treatment of Apodanthaceae for the canga of the Serra dos Carajás, in Pará state. Description, illustrations, photographs, distribution, morphological and taxonomic comments are provided for Pilostyles blanchetii, the only species of the family recorded from the study area. Key words: Amazon, FLONA Carajás, Pilostyles,holoparasitic plants, taxonomy. | ||
| 650 | _aAMAZÔNIA | ||
| 650 | _aCARAJÁS | ||
| 650 | _aTAXONOMIA | ||
| 773 | 0 |
_0709 _9350966 _dRio de Janeiro-RJ Jardim Botanico do Rio de Janeiro 1935 _o2025-3590 _tRodriguésia (Brazil) _x0370-6583; 2175-7860 on-line _gv. 69(3) p. 1049-1053; (2018) _wBR2025003113 |
|
| 856 | _uhttps://www.scielo.br/j/rod/a/chJBVfX8sxpdcgGk8q3vpgS/?format=pdf&lang=pt | ||
| 942 | _cANA | ||
| 999 |
_c331999 _d331999 |
||